00661nam a2200217Ia 450000500170000000800460001703700100006304000080007304000080008104000080008904100080009704100080010508400080011324501190012126000090024026000090024985600630025894200100032199900210033195200910035220260320201202.0008 262003s9999 xx 000 0 eng d aEBOOK aCRL beng cCRL 2eng aeng qCRL 0aAutomation in the Welding Industry: Incorporating Artificial Intelligence, Machine Learning and Other Technologies bIEEE c2024 uhttps://ieeexplore.ieee.org/servlet/opac?bknumber=10950247 cEBOOK c1719478d1719478 00104070aCRLbCRLd2026-03-20l0pCL2123572r2026-03-20 20:12:02w2026-03-20yEBOOK